| 000 | 02671cab a2200337 ab4500 | ||
|---|---|---|---|
| 005 | 20250523114655.0 | ||
| 008 | 991125c2018 mx fr p o 000 0 spa d | ||
| 035 | _aUPN01000233207 | ||
| 040 |
_aMX-MxUPN _bspa _cMX-MxUPN _eaacr2 |
||
| 049 | _aART-E | ||
| 100 | 1 | _aDíaz Negrete, David Bruno | |
| 100 | 1 | _aZapata Tellez, Jessica | |
| 100 | 1 | _aCastillo Franco, P. Isaias | |
| 100 | 1 | _aLópez Granados, Loudes María | |
| 100 | 1 | _aCórdova Alcaráz, Alberto J. | |
| 100 | 1 |
_aFernández Cáceres, Carmen _936932 |
|
| 245 | 1 | 0 |
_aCapacidad explicativa de un modelo de competencias socioemocionales asociadas al uso de drogas en jóvenes estudiantes de educación media básica _h[recurso electrónico en línea] |
| 506 | 0 | _aAcceso abierto | |
| 520 | 3 | _aIntroducción: las competencias socioemocionales integran conocimientos, actitudes y habilidades para el manejo de afectos, entablar relaciones interpersonales y tomar decisiones responsables, entre otros. El presente trabajo tuvo como objetivo estimar la capacidad explicativa de un modelo de competencias socioemocionales respecto al consumo de drogas en estudiantes de educación secundaria. Método: estudio ex post facto, con comparación de una muestra de 512 estudiantes distribuidos en dos grupos: usuarios y no usuarios de drogas alguna vez en la vida. Se aplicó un cuestionario que incluyó escalas de inadecuada regulación emocional, bajo control conductual, toma irreflexiva de decisiones, dificultad para el establecimiento de relaciones positivas con pares y para el ajuste escolar. Se analizaron diferencias de medias y se aplicó un modelo de regresión logística, incluyendo estas variables como predictores del uso de drogas. Resultados: se identificaron como predictores significativos del uso experimental de drogas, una inadecuada regulación emocional, un deficiente ajuste escolar y un bajo control conductual. Discusión: los hallazgos obtenidos corroboran la relación existente entre competencias socioemocionales deficitarias y uso de sustancias reportado en otros estudios y proporcionan una base empírica para el desarrollo de programas preventivos dirigidos al medio escolar. RIIA | |
| 653 | 0 | _aConsumo de drogas | |
| 653 | 0 | _aRegulación emocional | |
| 653 | 0 | _aControl conductual | |
| 653 | 0 | _aAjuste escolar | |
| 653 | 0 | _aEstudiantes | |
| 773 |
_gVol. 4, no. 2, (2018), p. 25-32 _tRevista internacional de investigación en adicciones _x2448-6396 |
||
| 856 | 4 | _uhttp://riiad.org/index.php/riiad/article/view/riiad.2018.2.04/243 | |
| 856 | 4 | _uhttps://doi.org/10.28931/riiad.2018.2.04 | |
| 902 | _aLeonor Sotres/230525 | ||
| 905 | _aArticulo | ||
| 942 | _cART-E | ||
| 999 |
_c205302 _d205302 |
||